000
002830000a22000970004500
100
1
_a
Kearsley, Roy
245
1
0
_a
What kind of God for the twenty-First century?
300
_a
Vol. 17, Num. 2 (1999), Páginas 114-128
773
0
_t
Scottish Bulletin of Evangelical Theology
942
_c
ANA
999
_c
55755
_d
55755